Ship or sheep? : an intermediate pronunciation course : [student's book] /

This is a comprehensive pronunciation course for intermediate students of English. It provides systematic practice of English pronunciation, stress and intonation through a wide variety of interesting exercises and activities.

সংরক্ষণ করুন:
গ্রন্থ-পঞ্জীর বিবরন
প্রধান লেখক: Baker, Ann.
বিন্যাস: গ্রন্থ
ভাষা:English
প্রকাশিত: Cambridge ; New York : Cambridge University Press, 1981.
সংস্করন:2nd ed.
বিষয়গুলি:
ট্যাগগুলো: ট্যাগ যুক্ত করুন
কোনো ট্যাগ নেই, প্রথমজন হিসাবে ট্যাগ করুন!
Thư viện lưu trữ: Mạng thư viện Đại học Đà Nẵng
LEADER 01221cam a2200361 i 4500
001 000047976
003 7672
005 20040107184115.0
008 010326b1981 vm 000 eng
020 |a 052128354X 
040 |a IRC  |c IRC  |d IRC 
041 0 |a eng 
082 1 4 |a 421.52  |b BA-A 
100 1 |a Baker, Ann. 
245 0 0 |a Ship or sheep? :  |b an intermediate pronunciation course : [student's book] /  |c Ann Baker. 
250 |a 2nd ed. 
260 |a Cambridge ; New York :  |b Cambridge University Press,  |c 1981. 
300 |a 168 p. :  |b ill. ;  |c 21cm. 
520 3 |a This is a comprehensive pronunciation course for intermediate students of English. It provides systematic practice of English pronunciation, stress and intonation through a wide variety of interesting exercises and activities. 
630 0 4 |a English language. 
630 0 4 |a Pronunciation. 
650 0 4 |a English language  |x Pronunciation. 
650 0 4 |a English language  |v Sound recordings for foreign speakers. 
OWN |a DUT 
999 |a From the UDN01 
TYP |a Monograph 
TYP |a Printed language 
980 |a Mạng thư viện Đại học Đà Nẵng